000 01681nam a2200409 i 4500
001 sky270792765
003 SKY
005 20240626162548.0
008 141016t20152014nyu e 000 f eng d
020 _a9781250034465
020 _a1250034469
040 _asm
_erda
_dUtOrBLW
_dSKYRV
_dCoBoFLC
_csjds
050 0 _aPS
082 0 _a813
100 1 _aArcher, Jeffrey,
_d1940-
_eauthor.
245 1 0 _aBe careful what you wish for /
_cJeffrey Archer.
250 _aSt. Martin's Paperbacks edition.
260 _aNew York :
_bSt. Martin's Paperbacks,
_c2015.
264 1 _aNew York :
_bSt. Martin's Paperbacks,
_c2015.
264 4 _c℗♭2014.
300 _a494 pages :
_bgenealogical tables ;
_c19 cm.
336 _atext
_btxt
_2rdacontent.
337 _aunmediated
_bn
_2rdamedia.
338 _avolume
_bnc
_2rdacarrier.
490 1 _aThe Clifton chronicles ;
_vbk. 4.
500 _a"A novel"--Cover.
520 _aWhile Harry and Emma race to discover the fate of their son after a terrible car accident, Don Pedro Martinez plots to install a puppet chairman at the Barrington Shipping Company and Jessica's nuptials are sabotaged by a poisonous friend.
521 8 _a570L
_bLexile.
534 _pOriginally published :
_cGreat Britain : Macmillan, an imprint of Pan Macmillan, a division of Macmillan Publishers Limited.
650 0 _aFamilies
_zEngland
_xHistory
_y20th century
_vFiction.
650 0 _aSocial classes
_zEngland
_vFiction.
651 0 _aUnited States
_xHistory
_y20th century
_vFiction.
655 7 _aDomestic fiction.
_2lcgft.
655 7 _aHistorical fiction.
_2lcgft.
800 1 _aArcher, Jeffrey,
_d1940-
_tClifton chronicles ;
_vv. 4.
942 _cBK
999 _c29888
_d29886